| 000 | 00344nam a2200145Ia 4500 | ||
|---|---|---|---|
| 008 | 230917s9999||||xx |||||||||||||| ||und|| | ||
| 040 |
_e129040 _aMAIN |
||
| 041 | _aEnglish | ||
| 082 | _a345 K528C | ||
| 100 | _aKhera, R C | ||
| 245 | 0 | _aCentral criminal minor acts | |
| 260 |
_aDelhi _bAllied Book _c2001 |
||
| 300 | _a1019 p. | ||
| 942 | _cBK | ||
| 999 |
_c113446 _d113446 |
||